000
00316nam a22001337a 4500
008
170526b xxu||||| |||| 00| 0 eng d
020
_a
3540180036
041
_a
eng
080
_a
004
100
_a
27
101
_a
SHKI
245
_a
LOGIC OF PROGRAMMING AND CALCULI OF DISCRETE DESIGN
_c
BROY, M
942
_2
udc
_c
BK
999
_c
14485
_d
14485